000 00515nam a22001937a 4500
005 20220719161449.0
008 220719b ||||| |||| 00| 0 eng d
040 _cAL
041 _aEnglish
082 _223
_a331.8
_bPELA
100 _aHenry Pelling
_951433
245 _aAmerican Labor
260 _aChicago
_bThe University Of Chicago Press
_c1960
300 _avi,247 p.
_bHB
_c21x14 cm.
650 _aUnited States
_951434
650 _aLabor
_951435
700 _aPELLING (Henry)
_951436
942 _2ddc
_cGF
999 _c223992
_d223992